| Tag |
First Indicator |
Second Indicator |
Subfields |
| LEADER |
00000cam a22000008a 4500 |
| 001 |
in00000084946 |
| 005 |
20151008054428.0 |
| 008 |
791105s1981 nyu b 00100 engm |
| 010 |
|
|
|a 79024626
|
| 020 |
|
|
|a 0891021698 :
|c $17.95
|
| 035 |
|
|
|a (OCoLC)05726114
|
| 035 |
|
|
|9 AAJ0633AM
|
| 040 |
|
|
|a DLC
|c DLC
|d m.c.
|d TXA
|d UtOrBLW
|
| 043 |
|
|
|a n-us---
|
| 049 |
|
|
|a TXAM
|c [1672301]
|
| 050 |
0 |
0 |
|a PS374.U8
|b A47
|
| 082 |
0 |
|
|a 813/.009/372
|
| 245 |
0 |
0 |
|a America as Utopia /
|c edited by Kenneth M. Roemer.
|
| 263 |
|
|
|a 8003
|
| 264 |
|
1 |
|a New York, N.Y. :
|b B. Franklin,
|c 1981.
|
| 300 |
|
|
|a vi, 410 pages ;
|c 24 cm.
|
| 336 |
|
|
|a text
|b txt
|2 rdacontent
|
| 337 |
|
|
|a unmediated
|b n
|2 rdamedia
|
| 338 |
|
|
|a volume
|b nc
|2 rdacarrier
|
| 490 |
1 |
|
|a American cultural heritage series ;
|v 5
|
| 504 |
|
|
|a Includes bibliographical references and indexes.
|
| 650 |
|
0 |
|a American fiction
|x History and criticism.
|
| 650 |
|
0 |
|a Utopias in literature.
|
| 700 |
1 |
|
|a Roemer, Kenneth M.,
|d 1945-
|
| 830 |
|
0 |
|a American cultural heritage series ;
|v 5.
|
| 999 |
|
|
|a MARS
|
| 999 |
f |
f |
|s d974ce31-1cf7-33f0-9c9d-c29065af3ac1
|i aed51932-1808-3f6f-adaf-ee6434ad4282
|t 0
|
| 952 |
f |
f |
|p normal
|a Texas A&M University
|b College Station
|c Sterling C. Evans Library
|d Evans: Library Stacks
|t 0
|e PS374.U8 A47
|h Library of Congress classification
|i unmediated -- volume
|m A14806188895
|
| 998 |
f |
f |
|a PS374.U8 A47
|t 0
|l Evans: Library Stacks
|